000 00599nam a2200229Ia 4500
003 OSt
005 20220924151926.0
006 a|||||r|||| 00| 0
007 ta
008 220923b |||||||| |||| 00| 0 mar d
024 _a339974
037 _cTextual
040 _aARTS
_cARTS
_bmar
041 _2mar
_amar
082 _aO155,2:g(Y), N1
100 _aMedkkar Prakash
_9225314
245 0 _aSamajik natak
_b swaroop vichar
260 _c1991
650 _aMARATHI LITERATURE
_938000
942 _hO155,2:g(Y), N1
_cTEXL
_2CC
999 _c468102
_d468102